Library Banner

Tazkarاh Hazrat Sakhi Sarwar Rehmatullah Aleh = تذکرہ حضرت سخی سرور رحمتہ اللہ علیہ / (Record no. 133772)

MARC details
000 -LEADER
fixed length control field 00552nam a22001457a 4500
005 - DATE AND TIME OF LATEST TRANSACTION
control field 20240416093406.0
008 - FIXED-LENGTH DATA ELEMENTS--GENERAL INFORMATION
fixed length control field 240416b ||||| |||| 00| 0 eng d
040 ## - CATALOGING SOURCE
Transcribing agency PK-LaUMT
082 ## - DEWEY DECIMAL CLASSIFICATION NUMBER
Classification number APC 297.4092
Item number HAM-T
100 ## - MAIN ENTRY--PERSONAL NAME
Personal name Hamid Khan Hamid = حامد خاں حامد
245 ## - TITLE STATEMENT
Title Tazkarاh Hazrat Sakhi Sarwar Rehmatullah Aleh = تذکرہ حضرت سخی سرور رحمتہ اللہ علیہ /
Statement of responsibility, etc by Hamid Khan Hamid = حامد خاں حامد
260 ## - PUBLICATION, DISTRIBUTION, ETC. (IMPRINT)
Place of publication, distribution, etc Lahore :
Name of publisher, distributor, etc Ulma Academy, Mehkama Aukaaf,Punjab,
Date of publication, distribution, etc 1975
300 ## - PHYSICAL DESCRIPTION
Extent 219 p.
942 ## - ADDED ENTRY ELEMENTS (KOHA)
Koha item type Books
Holdings
Withdrawn status Lost status Damaged status Home library Current library Date acquired Full call number Barcode Date last seen Price effective from Koha item type
      UMT Main Campus UMT Main Campus 2024-04-16 APC 297.4092 HAM-T 146919 2024-04-16 2024-04-16 Books